000 00497nam a2200193Ia 4500
005 20230818111559.0
008 131103s9999 xx 000 0 und d
040 _aLoreto College
041 _aEnglish
082 _a920
_bWOO
100 _aWoolcott,Alexander
245 _aLong Long Ago
_cAlexander Woolcott
260 _aLondon
_bThe Right Book
_c1946
300 _avi,233 p.
650 _aWoolcott,Alexander -Autobiography
651 _aAutobiography
850 _aLCLIB
942 _cBK
999 _c13981
_d64460